[Event "Gelsenkirchen Silvester op 3rd"]
[Site "Gelsenkirchen"]
[Date "2015.12.27"]
[Round "2"]
[White "Oberste, Norbert"]
[Black "Wickenfeld, Jennifer"]
[Result "1-0"]
[WhiteElo "1765"]
[BlackElo "897"]
[PlyCount "81"]
[EventDate "2015.12.27"]
[EventType "swiss"]
[EventRounds "5"]
[EventCountry "GER"]
[SourceTitle "EXT 2019"]
[Source "ChessBase"]
[SourceDate "2018.10.10"]
[SourceVersion "1"]
[SourceVersionDate "2018.10.10"]
[SourceQuality "1"]

1. f4 c6 2. Nf3 d5 3. e3 Bg4 4. d4 Nf6 5. Bd3 e6 6. Nbd2 Bb4 7. c3 Be7 8. 0-0 0-0 9. Qc2 Bf5 10. Bxf5 exf5 11. Qxf5 Qd7 12. Qd3 h6 13. Ne5 Qe8 14. e4 dxe4 15. Nxe4 Nxe4 16. Qxe4 Bf6 17. Qc2 Nd7 18. Bd2 Rc8 19. Rae1 Nxe5 20. fxe5 Bh4 21. g3 Bxg3 22. hxg3 Qe6 23. Qb3 Rc7 24. Qa3 a6 25. Qd6 Re7 26. Qxe6 Rxe6 27. c4 f6 28. exf6 Rfxf6 29. Rxe6 Rxe6 30. Bc3 Kh7 31. Kg2 Re7 32. a4 b5 33. axb5 axb5 34. c5 g5 35. Rf6 Rc7 36. Rd6 Rc8 37. d5 cxd5 38. Rxd5 Kg6 39. g4 Rf8 40. Rd6+ Rf6 41. Rxf6+ 1-0